00269pam a2200109 a 4500020000500000041000500005082001700010100001700027245007900044260002000123300001600143 c h a751.422bBIR aLinda Birch. aThe Indore Artist water colour ideas for painting HomehTextual Documents a[s.l]:bCollins a134:bHard.